| 000 | 00391nam a22001697a 4500 | ||
|---|---|---|---|
| 005 | 20180725143808.0 | ||
| 008 | 160615b xxu||||| |||| 00| 0 eng d | ||
| 020 | _a81-85989-68-0 | ||
| 041 | _aeng | ||
| 082 |
_b7871 _a658.3 |
||
| 100 |
_aSrivastava, Sanjay _9323 |
||
| 245 | _aOrganizational Behaviour | ||
| 260 | _bGalgotic | ||
| 300 | _a98p, | ||
| 650 |
_aManagement _9241 |
||
| 942 | _cBK | ||
| 999 |
_c2841 _d2840 |
||